000 00589cam a22001814a 4500
005 20250605164348.0
008 250528s ||||||||||||||||||||||||d
035 _a24036
040 _aGR-AtMCL
_bgre
_dGR-AtMCL
_eAACR2
245 1 _aAre You Using Social Media Effectively?
260 _bInternational Airport Review,
_c2020
300 _a48
520 _aUsing Mathematical Heuristics within Baggage Handling, COVID-19: A Catalyst for Change, Operating in the Decade of Sustainability.
700 1 _aMoore Peter
_99365
942 _cCR
999 _c8937
_d8937